000 01028cab a2200301 4500
001 ABS53117
008 090401t1995 xxu||||| |||| 00| 0 eng d
035 _a(Sirsi) u2208
041 _aeng
100 _aCatterall, S.
245 _aTheir lordships put the cat among the planning pigeons
260 _c1995
350 _a0
490 _aProperty Week
_v51(10) 8 June 1995, 26-27(2)
520 _aDiscusses the HL case "Tesco Stores Ltd v SoS Environment", and the extent to which planning gain should be a material consideration in the determination of planning applications.
650 _aDOE CIRCULAR 16/1991
650 _aMATERIAL CONSIDERATIONS
650 _aPLANNING GAIN
650 _aPLANNING OBLIGATIONS
650 _aR V PLYMOUTH CITY COUNCIL EX P PLYMOUTH AND SOUTH DEVON CO-OPERATIVE SOCIETY LTD
650 _aSUPERMARKETS
650 _aSUPERSTORES
650 _aTESCO STORES V SOS ENVIRONMENT
650 _aWITNEY
690 _aPLANNING LAW AND PRACTICE
942 _n0
948 _c04/03/1997
999 _c1335
_d1335